| 000 | 00000nam 2200000zi 4500 |
| 001 | 9.946009 |
| 003 | CaOODSP |
| 005 | 20241210140142 |
| 006 | m o d f |
| 007 | cr |n||||||||| |
| 008 | 241210t19801980onca obi f|0| 0 eng d |
| 040 | |aCaOODSP|beng|erda|cCaOODSP |
| 043 | |an-cn--- |
| 086 | 1 |aNR24-29/1980E-PDF |
| 245 | 00|aCanadian Plumbing Code 1980. |
| 250 | |aFourth edition 1980. |
| 264 | 1|aOttawa : |bAssociate Committee on the National Building Code, National Research Council of Canada, |c1980. |
| 264 | 4|c©1980 |
| 300 | |a1 online resource (vii, 126 pages) : |billustrations + |eerrata (2 unnumbered pages), revisions - January 1983 (2 pages), revisions - January 1984 (1 page) |
| 336 | |atext|btxt|2rdacontent |
| 337 | |acomputer|bc|2rdamedia |
| 338 | |aonline resource|bcr|2rdacarrier |
| 500 | |aIssued also in French under title: Code canadien de la plomberie 1980. |
| 500 | |aDigitized edition from print [produced by National Research Council of Canada]. |
| 500 | |a"NRCC No. 17305." |
| 504 | |aIncludes bibliographical references and index. |
| 650 | 0|aPlumbing|xLaw and legislation|zCanada. |
| 650 | 0|aPlumbing|xStandards|zCanada. |
| 710 | 2 |aNational Research Council of Canada. |bAssociate Committee on the National Building Code, |eissuing body. |
| 775 | 08|tCode canadien de la plomberie 1980.|w(CaOODSP)9.946011 |
| 794 | |tCanadian Plumbing Code 1985.|b1985 edition|w(CaOODSP)9.946029 |
| 795 | |tCanadian Plumbing Code 1977.|b1977 edition|w(CaOODSP)9.946004 |
| 856 | 40|qPDF|s4.56 MB|uhttps://publications.gc.ca/collections/collection_2024/cnrc-nrc/NR24-29-1980-eng.pdf|zCode |
| 856 | 40|qPDF|s43 KB|uhttps://publications.gc.ca/collections/collection_2024/cnrc-nrc/NR24-29-1980-1-eng.pdf|zErrata |
| 856 | 40|qPDF|s81 KB|uhttps://publications.gc.ca/collections/collection_2024/cnrc-nrc/NR24-29-1980-2-eng.pdf|zRevisions - January 1983 |
| 856 | 40|qPDF|s39 KB|uhttps://publications.gc.ca/collections/collection_2024/cnrc-nrc/NR24-29-1980-3-eng.pdf|zRevisions - January 1984 |